<?xml version="1.0" encoding="UTF-8"?>
<record
    xmlns:xsi="http://www.w3.org/2001/XMLSchema-instance"
    xsi:schemaLocation="http://www.loc.gov/MARC21/slim http://www.loc.gov/standards/marcxml/schema/MARC21slim.xsd"
    xmlns="http://www.loc.gov/MARC21/slim">

  <leader>01144nam a22002777a 4500</leader>
  <controlfield tag="005">20170509105043.0</controlfield>
  <datafield tag="010" ind1=" " ind2=" ">
    <subfield code="a">1617EN      ENG-116963</subfield>
  </datafield>
  <datafield tag="020" ind1=" " ind2=" ">
    <subfield code="a">9788131526613</subfield>
    <subfield code="c">775.00</subfield>
  </datafield>
  <datafield tag="035" ind1=" " ind2=" ">
    <subfield code="a">B-653829-838</subfield>
  </datafield>
  <datafield tag="035" ind1=" " ind2=" ">
    <subfield code="a">EN-100495</subfield>
  </datafield>
  <datafield tag="035" ind1=" " ind2=" ">
    <subfield code="a">B-665130</subfield>
  </datafield>
  <datafield tag="037" ind1=" " ind2=" ">
    <subfield code="b">ABC</subfield>
    <subfield code="a">DPL</subfield>
  </datafield>
  <datafield tag="037" ind1=" " ind2=" ">
    <subfield code="b">DBAD/PUB</subfield>
  </datafield>
  <datafield tag="082" ind1=" " ind2=" ">
    <subfield code="a">658.4033</subfield>
  </datafield>
  <datafield tag="100" ind1=" " ind2=" ">
    <subfield code="a">Albright, S.Christian</subfield>
  </datafield>
  <datafield tag="245" ind1=" " ind2=" ">
    <subfield code="a">Business analytics:</subfield>
    <subfield code="c">by S.Christian Albright [and] Wayne L.Winston</subfield>
    <subfield code="b">data analysis and decision making /</subfield>
  </datafield>
  <datafield tag="250" ind1=" " ind2=" ">
    <subfield code="a">5th ed</subfield>
  </datafield>
  <datafield tag="260" ind1=" " ind2=" ">
    <subfield code="a">Delhi</subfield>
    <subfield code="b">Cengage Learning</subfield>
    <subfield code="c">2015</subfield>
  </datafield>
  <datafield tag="270" ind1=" " ind2=" ">
    <subfield code="a">418, F.I.E.,patparganj</subfield>
    <subfield code="b">Delhi</subfield>
    <subfield code="e">110092</subfield>
    <subfield code="k">91 11 43641111</subfield>
    <subfield code="l">91 11 43641100</subfield>
  </datafield>
  <datafield tag="300" ind1=" " ind2=" ">
    <subfield code="a">xviii,990p.:</subfield>
    <subfield code="c">25cm(pbk)</subfield>
    <subfield code="b">ill.</subfield>
  </datafield>
  <datafield tag="500" ind1=" " ind2=" ">
    <subfield code="a">includes index</subfield>
  </datafield>
  <datafield tag="700" ind1=" " ind2=" ">
    <subfield code="a">Winston, Wayne L.</subfield>
  </datafield>
  <datafield tag="942" ind1=" " ind2=" ">
    <subfield code="2">ddc</subfield>
    <subfield code="c">EN</subfield>
    <subfield code="h">658.4033</subfield>
    <subfield code="m">ALB</subfield>
  </datafield>
  <datafield tag="999" ind1=" " ind2=" ">
    <subfield code="c">101924</subfield>
    <subfield code="d">101924</subfield>
  </datafield>
  <datafield tag="952" ind1=" " ind2=" ">
    <subfield code="0">0</subfield>
    <subfield code="1">0</subfield>
    <subfield code="4">0</subfield>
    <subfield code="7">1</subfield>
    <subfield code="8">NFIC</subfield>
    <subfield code="a">DBAD</subfield>
    <subfield code="b">BN</subfield>
    <subfield code="d">2016-12-28</subfield>
    <subfield code="e">DBAD/PUB</subfield>
    <subfield code="g">725.00</subfield>
    <subfield code="l">0</subfield>
    <subfield code="o">658.4033 ALB</subfield>
    <subfield code="p">EN-100495</subfield>
    <subfield code="r">2016-12-28 00:00:00</subfield>
    <subfield code="t">1</subfield>
    <subfield code="v">725.00</subfield>
    <subfield code="y">EN</subfield>
  </datafield>
  <datafield tag="952" ind1=" " ind2=" ">
    <subfield code="0">0</subfield>
    <subfield code="1">0</subfield>
    <subfield code="4">0</subfield>
    <subfield code="7">0</subfield>
    <subfield code="8">NFIC</subfield>
    <subfield code="a">L</subfield>
    <subfield code="b">L</subfield>
    <subfield code="d">2017-02-08</subfield>
    <subfield code="e">BPPD/EN/2016-17/286/24.11.2016/4995/03.12.16/04.01.2017</subfield>
    <subfield code="g">775.00</subfield>
    <subfield code="l">13</subfield>
    <subfield code="o">658.4033 ALB</subfield>
    <subfield code="p">B-653829</subfield>
    <subfield code="r">2022-11-23 00:00:00</subfield>
    <subfield code="s">2022-10-29</subfield>
    <subfield code="t">1</subfield>
    <subfield code="v">775.00</subfield>
    <subfield code="y">EN</subfield>
  </datafield>
  <datafield tag="952" ind1=" " ind2=" ">
    <subfield code="0">0</subfield>
    <subfield code="1">0</subfield>
    <subfield code="4">0</subfield>
    <subfield code="7">0</subfield>
    <subfield code="8">NFIC</subfield>
    <subfield code="a">BL1</subfield>
    <subfield code="b">BL1</subfield>
    <subfield code="d">2017-02-08</subfield>
    <subfield code="e">BPPD/EN/2016-17/286/24.11.2016/4995/03.12.16/04.01.2017</subfield>
    <subfield code="g">775.00</subfield>
    <subfield code="l">7</subfield>
    <subfield code="m">6</subfield>
    <subfield code="o">658.4033 ALB</subfield>
    <subfield code="p">B-653830</subfield>
    <subfield code="r">2026-04-29 14:28:23</subfield>
    <subfield code="s">2026-04-11</subfield>
    <subfield code="t">1</subfield>
    <subfield code="v">775.00</subfield>
    <subfield code="y">EN</subfield>
  </datafield>
  <datafield tag="952" ind1=" " ind2=" ">
    <subfield code="0">0</subfield>
    <subfield code="1">0</subfield>
    <subfield code="4">0</subfield>
    <subfield code="7">0</subfield>
    <subfield code="8">NFIC</subfield>
    <subfield code="a">KGM</subfield>
    <subfield code="b">KGM</subfield>
    <subfield code="d">2017-02-08</subfield>
    <subfield code="e">BPPD/EN/2016-17/286/24.11.2016/4995/03.12.16/04.01.2017</subfield>
    <subfield code="g">775.00</subfield>
    <subfield code="l">0</subfield>
    <subfield code="o">658.4033 ALB</subfield>
    <subfield code="p">B-653831</subfield>
    <subfield code="r">2017-02-08 00:00:00</subfield>
    <subfield code="t">1</subfield>
    <subfield code="v">775.00</subfield>
    <subfield code="y">EN</subfield>
  </datafield>
  <datafield tag="952" ind1=" " ind2=" ">
    <subfield code="0">0</subfield>
    <subfield code="1">0</subfield>
    <subfield code="4">0</subfield>
    <subfield code="7">0</subfield>
    <subfield code="8">NFIC</subfield>
    <subfield code="a">JP</subfield>
    <subfield code="b">JP</subfield>
    <subfield code="d">2017-02-08</subfield>
    <subfield code="e">BPPD/EN/2016-17/286/24.11.2016/4995/03.12.16/04.01.2017</subfield>
    <subfield code="g">775.00</subfield>
    <subfield code="l">3</subfield>
    <subfield code="m">3</subfield>
    <subfield code="o">658.4033 ALB</subfield>
    <subfield code="p">B-653832</subfield>
    <subfield code="r">2024-10-07 00:00:00</subfield>
    <subfield code="s">2024-09-21</subfield>
    <subfield code="t">1</subfield>
    <subfield code="v">775.00</subfield>
    <subfield code="y">EN</subfield>
  </datafield>
  <datafield tag="952" ind1=" " ind2=" ">
    <subfield code="0">0</subfield>
    <subfield code="1">0</subfield>
    <subfield code="4">0</subfield>
    <subfield code="7">0</subfield>
    <subfield code="8">NFIC</subfield>
    <subfield code="a">ZLS</subfield>
    <subfield code="b">ZLS</subfield>
    <subfield code="d">2017-02-08</subfield>
    <subfield code="e">BPPD/EN/2016-17/286/24.11.2016/4995/03.12.16/04.01.2017</subfield>
    <subfield code="g">775.00</subfield>
    <subfield code="l">3</subfield>
    <subfield code="m">5</subfield>
    <subfield code="o">658.4033 ALB</subfield>
    <subfield code="p">B-653833</subfield>
    <subfield code="r">2021-09-01 00:00:00</subfield>
    <subfield code="s">2021-07-22</subfield>
    <subfield code="t">1</subfield>
    <subfield code="v">775.00</subfield>
    <subfield code="y">EN</subfield>
  </datafield>
  <datafield tag="952" ind1=" " ind2=" ">
    <subfield code="0">0</subfield>
    <subfield code="1">0</subfield>
    <subfield code="4">0</subfield>
    <subfield code="7">0</subfield>
    <subfield code="8">NFIC</subfield>
    <subfield code="a">BL3</subfield>
    <subfield code="b">BL3</subfield>
    <subfield code="d">2017-02-08</subfield>
    <subfield code="e">BPPD/EN/2016-17/286/24.11.2016/4995/03.12.16/04.01.2017</subfield>
    <subfield code="g">775.00</subfield>
    <subfield code="l">0</subfield>
    <subfield code="o">658.4033 ALB</subfield>
    <subfield code="p">B-653834</subfield>
    <subfield code="r">2017-02-08 00:00:00</subfield>
    <subfield code="t">1</subfield>
    <subfield code="v">775.00</subfield>
    <subfield code="y">EN</subfield>
  </datafield>
  <datafield tag="952" ind1=" " ind2=" ">
    <subfield code="0">0</subfield>
    <subfield code="1">0</subfield>
    <subfield code="4">0</subfield>
    <subfield code="7">0</subfield>
    <subfield code="8">NFIC</subfield>
    <subfield code="a">NR</subfield>
    <subfield code="b">NR</subfield>
    <subfield code="d">2017-02-08</subfield>
    <subfield code="e">BPPD/EN/2016-17/286/24.11.2016/4995/03.12.16/04.01.2017</subfield>
    <subfield code="g">775.00</subfield>
    <subfield code="l">0</subfield>
    <subfield code="o">658.4033 ALB</subfield>
    <subfield code="p">B-653835</subfield>
    <subfield code="r">2017-02-08 00:00:00</subfield>
    <subfield code="t">1</subfield>
    <subfield code="v">775.00</subfield>
    <subfield code="y">EN</subfield>
  </datafield>
  <datafield tag="952" ind1=" " ind2=" ">
    <subfield code="0">0</subfield>
    <subfield code="1">0</subfield>
    <subfield code="4">0</subfield>
    <subfield code="7">0</subfield>
    <subfield code="8">NFIC</subfield>
    <subfield code="a">BN</subfield>
    <subfield code="b">BN</subfield>
    <subfield code="d">2017-02-08</subfield>
    <subfield code="e">BPPD/EN/2016-17/286/24.11.2016/4995/03.12.16/04.01.2017</subfield>
    <subfield code="g">775.00</subfield>
    <subfield code="l">0</subfield>
    <subfield code="o">658.4033 ALB</subfield>
    <subfield code="p">B-653836</subfield>
    <subfield code="r">2017-02-08 00:00:00</subfield>
    <subfield code="t">1</subfield>
    <subfield code="v">775.00</subfield>
    <subfield code="y">EN</subfield>
  </datafield>
  <datafield tag="952" ind1=" " ind2=" ">
    <subfield code="0">0</subfield>
    <subfield code="1">0</subfield>
    <subfield code="4">0</subfield>
    <subfield code="7">0</subfield>
    <subfield code="8">NFIC</subfield>
    <subfield code="a">BL4</subfield>
    <subfield code="b">BL4</subfield>
    <subfield code="d">2017-02-08</subfield>
    <subfield code="e">BPPD/EN/2016-17/286/24.11.2016/4995/03.12.16/04.01.2017</subfield>
    <subfield code="g">775.00</subfield>
    <subfield code="l">4</subfield>
    <subfield code="m">2</subfield>
    <subfield code="o">658.4033 ALB</subfield>
    <subfield code="p">B-653837</subfield>
    <subfield code="r">2023-12-26 00:00:00</subfield>
    <subfield code="s">2023-11-03</subfield>
    <subfield code="t">1</subfield>
    <subfield code="v">775.00</subfield>
    <subfield code="y">EN</subfield>
  </datafield>
  <datafield tag="952" ind1=" " ind2=" ">
    <subfield code="0">0</subfield>
    <subfield code="1">0</subfield>
    <subfield code="4">0</subfield>
    <subfield code="7">0</subfield>
    <subfield code="8">NFIC</subfield>
    <subfield code="a">YV</subfield>
    <subfield code="b">YV</subfield>
    <subfield code="d">2017-02-08</subfield>
    <subfield code="e">BPPD/EN/2016-17/286/24.11.2016/4995/03.12.16/04.01.2017</subfield>
    <subfield code="g">775.00</subfield>
    <subfield code="l">0</subfield>
    <subfield code="o">658.4033 ALB</subfield>
    <subfield code="p">B-653838</subfield>
    <subfield code="r">2017-02-08 00:00:00</subfield>
    <subfield code="t">1</subfield>
    <subfield code="v">775.00</subfield>
    <subfield code="y">EN</subfield>
  </datafield>
  <datafield tag="952" ind1=" " ind2=" ">
    <subfield code="0">0</subfield>
    <subfield code="1">0</subfield>
    <subfield code="4">0</subfield>
    <subfield code="7">0</subfield>
    <subfield code="8">NFIC</subfield>
    <subfield code="a">AV</subfield>
    <subfield code="b">AV</subfield>
    <subfield code="d">2017-05-09</subfield>
    <subfield code="e">BPPD/EN/2016-17/AV/16-17/452/15.2.2017/5058/28.2.2017/ 7.3.2017</subfield>
    <subfield code="g">775.00</subfield>
    <subfield code="l">3</subfield>
    <subfield code="m">3</subfield>
    <subfield code="o">658.4033 ALB</subfield>
    <subfield code="p">B-665130</subfield>
    <subfield code="r">2025-04-11 00:00:00</subfield>
    <subfield code="s">2025-04-02</subfield>
    <subfield code="t">1</subfield>
    <subfield code="v">775.00</subfield>
    <subfield code="w">2017-05-09</subfield>
    <subfield code="y">EN</subfield>
  </datafield>
</record>
